[Event "GER-ch48 sf04 email"]
[Site "GER email"]
[Date "2016.07.03"]
[Round "?"]
[White "Hoffmann, Frank"]
[Black "Schultheiss, Klaus"]
[Result "0-1"]
[WhiteElo "2307"]
[BlackElo "2324"]
[PlyCount "50"]
[EventDate "2016.??.??"]
[EventType "tourn (corr)"]
[EventRounds "12"]
[EventCountry "GER"]
[SourceTitle "Corr 2017"]
[Source "ChessBase"]
[SourceDate "2017.09.19"]
[SourceVersion "1"]
[SourceVersionDate "2017.09.19"]
[SourceQuality "1"]

1. e4 c5 2. Nf3 d6 3. d4 cxd4 4. Nxd4 Nf6 5. Nc3 a6 6. Be3 e5 7. Nb3 Be7 8. f3 Be6 9. Qd2 0-0 10. 0-0-0 a5 11. a4 Nc6 12. g4 Nb4 13. Kb1 Rc8 14. g5 Ne8 15. f4 f6 16. f5 Bf7 17. g6 hxg6 18. Bh3 Rc6 19. Qg2 g5 20. Bg4 Qc7 21. Qd2 Rxc3 22. bxc3 Qc4 23. cxb4 Qxe4 24. Be2 Qxf5 25. Nxa5 d5 0-1

[Event "GER-ch48 sf04 email"]
[Site "GER email"]
[Date "2016.07.03"]
[Round "?"]
[White "Schultheiss, Klaus"]
[Black "Fischer, Detlev"]
[Result "1-0"]
[WhiteElo "2324"]
[BlackElo "2350"]
[PlyCount "60"]
[EventDate "2016.??.??"]
[EventType "tourn (corr)"]
[EventRounds "12"]
[EventCountry "GER"]
[SourceTitle "Corr 2017"]
[Source "ChessBase"]
[SourceDate "2017.09.19"]
[SourceVersion "1"]
[SourceVersionDate "2017.09.19"]
[SourceQuality "1"]

1. d4 Nf6 2. c4 g6 3. Nc3 Bg7 4. e4 d6 5. Nf3 0-0 6. Be2 e5 7. 0-0 Nc6 8. d5 Ne7 9. Ne1 Nd7 10. f3 f5 11. Be3 f4 12. b4 fxe3 13. Nc2 a5 14. a3 Nf6 15. Nxe3 axb4 16. axb4 Rxa1 17. Qxa1 Bh6 18. Nc2 c6 19. Kh1 cxd5 20. cxd5 Bd7 21. Rb1 Qb6 22. Na3 Qf2 23. Rf1 Qd4 24. Nc4 Bd2 25. Nxd2 Qxd2 26. Rd1 Qe3 27. Rd3 Qb6 28. Qa5 Qf2 29. Qa1 Rc8 30. Qd1 Nh5 1-0

[Event "GER CM03-B email"]
[Site "GER email"]
[Date "2016.06.26"]
[Round "?"]
[White "Krzyzanowski, Antoni"]
[Black "Schultheiss, Klaus"]
[Result "1/2-1/2"]
[WhiteElo "2377"]
[BlackElo "2325"]
[PlyCount "54"]
[EventDate "2016.??.??"]
[EventType "tourn (corr)"]
[EventRounds "13"]
[EventCountry "GER"]
[SourceTitle "Corr 2017"]
[Source "ChessBase"]
[SourceDate "2017.09.19"]
[SourceVersion "1"]
[SourceVersionDate "2017.09.19"]
[SourceQuality "1"]

1. d4 Nf6 2. c4 g6 3. Nc3 d6 4. e4 Bg7 5. Nf3 0-0 6. Be2 e5 7. 0-0 Nc6 8. d5 Ne7 9. b4 Nh5 10. c5 Nf4 11. Bxf4 exf4 12. Rc1 h6 13. h3 g5 14. a4 Ng6 15. a5 Re8 16. Nd2 Ne5 17. cxd6 cxd6 18. Nb5 Re7 19. Qb3 a6 20. Nd4 Rc7 21. Bh5 Bf6 22. Rfe1 Rb8 23. Qa3 Rxc1 24. Rxc1 Bd7 25. Nf5 Bxf5 26. exf5 Nd7 27. Nc4 Ne5 1/2-1/2

[Event "GER CM03-B email"]
[Site "GER email"]
[Date "2016.06.26"]
[Round "?"]
[White "Masek, Jan"]
[Black "Schultheiss, Klaus"]
[Result "1/2-1/2"]
[WhiteElo "2404"]
[BlackElo "2325"]
[PlyCount "40"]
[EventDate "2016.??.??"]
[EventType "tourn (corr)"]
[EventRounds "13"]
[EventCountry "GER"]
[SourceTitle "Corr 2017"]
[Source "ChessBase"]
[SourceDate "2017.09.19"]
[SourceVersion "1"]
[SourceVersionDate "2017.09.19"]
[SourceQuality "1"]

1. e4 c5 2. Nf3 d6 3. d4 cxd4 4. Nxd4 Nf6 5. Nc3 a6 6. Be3 e5 7. Nb3 Be6 8. f3 h5 9. Qd2 Nbd7 10. 0-0-0 Be7 11. Kb1 b5 12. h3 h4 13. Bd3 Qc7 14. Rhe1 Rb8 15. Bf1 0-0 16. Bg5 Bc4 17. Bxh4 Rfc8 18. Bxf6 Nxf6 19. g4 b4 20. Nd5 Nxd5 1/2-1/2

[Event "GER CM03-B email"]
[Site "GER email"]
[Date "2016.06.26"]
[Round "?"]
[White "Schultheiss, Klaus"]
[Black "Hitzegrad, Juergen"]
[Result "1/2-1/2"]
[WhiteElo "2325"]
[BlackElo "2327"]
[PlyCount "44"]
[EventDate "2016.??.??"]
[EventType "tourn (corr)"]
[EventRounds "13"]
[EventCountry "GER"]
[SourceTitle "Corr 2017"]
[Source "ChessBase"]
[SourceDate "2017.09.19"]
[SourceVersion "1"]
[SourceVersionDate "2017.09.19"]
[SourceQuality "1"]

1. e4 c5 2. Nf3 d6 3. d4 cxd4 4. Nxd4 Nf6 5. Nc3 a6 6. Be3 e5 7. Nb3 Be6 8. f3 Be7 9. Qd2 0-0 10. 0-0-0 Nbd7 11. g4 b5 12. g5 Nh5 13. Nd5 Bxd5 14. exd5 f6 15. gxf6 Bxf6 16. Na5 Qe8 17. Bh3 Nf4 18. Bxf4 exf4 19. Rhe1 Ne5 20. Re4 Qh5 21. Be6+ Kh8 22. Qe2 Bd8 1/2-1/2

[Event "GER CM03-B email"]
[Site "GER email"]
[Date "2016.06.26"]
[Round "?"]
[White "Schultheiss, Klaus"]
[Black "Mende, Ingus"]
[Result "1/2-1/2"]
[WhiteElo "2325"]
[BlackElo "2374"]
[PlyCount "43"]
[EventDate "2016.??.??"]
[EventType "tourn (corr)"]
[EventRounds "13"]
[EventCountry "GER"]
[SourceTitle "Corr 2017"]
[Source "ChessBase"]
[SourceDate "2017.09.19"]
[SourceVersion "1"]
[SourceVersionDate "2017.09.19"]
[SourceQuality "1"]

1. e4 c5 2. Nf3 d6 3. d4 cxd4 4. Nxd4 Nf6 5. Nc3 a6 6. Be3 e5 7. Nb3 Be6 8. f3 h5 9. Nd5 Bxd5 10. exd5 Nbd7 11. Qd2 g6 12. Be2 Bg7 13. 0-0 b6 14. Rac1 0-0 15. h3 Re8 16. a4 Qb8 17. Rb1 Qb7 18. c4 a5 19. g4 hxg4 20. fxg4 Ne4 21. Qe1 Nec5 22. Qf2 1/2-1/2

[Event "GER-ch48 sf04 email"]
[Site "GER email"]
[Date "2016.04.03"]
[Round "?"]
[White "Schultheiss, Klaus"]
[Black "Heinke, Richard"]
[Result "1/2-1/2"]
[WhiteElo "2143"]
[BlackElo "2112"]
[PlyCount "52"]
[EventDate "2016.??.??"]
[EventType "tourn (corr)"]
[EventRounds "12"]
[EventCountry "GER"]
[SourceTitle "Corr 2020"]
[Source "ChessBase"]
[SourceDate "2019.09.30"]
[SourceVersion "1"]
[SourceVersionDate "2019.09.30"]
[SourceQuality "1"]

1. e4 c5 2. Nf3 Nc6 3. d4 cxd4 4. Nxd4 Nf6 5. Nc3 e5 6. Ndb5 d6 7. Bg5 a6 8. Na3 b5 9. Bxf6 gxf6 10. Nd5 f5 11. c3 Bg7 12. Bd3 Be6 13. Nxb5 axb5 14. Bxb5 Rc8 15. Qa4 Bd7 16. exf5 h5 17. 0-0 Rh6 18. Rfd1 Kf8 19. h3 Bf6 20. Qe4 Ne7 21. Nxe7 Bxe7 22. a4 Rf6 23. Bxd7 Qxd7 24. a5 Bd8 25. Qxe5 Qxf5 26. Qd4 Qb5 1/2-1/2

[Event "GER-chT11-B2 email"]
[Site "GER email"]
[Date "2015.10.15"]
[Round "?.3"]
[White "Wichert, Gerd"]
[Black "Schultheiss, Klaus"]
[Result "1/2-1/2"]
[WhiteElo "2290"]
[BlackElo "2320"]
[PlyCount "59"]
[EventDate "2015.??.??"]
[EventType "tourn (corr)"]
[EventRounds "8"]
[EventCountry "GER"]
[SourceTitle "Corr 2017"]
[Source "ChessBase"]
[SourceDate "2017.09.19"]
[SourceVersion "1"]
[SourceVersionDate "2017.09.19"]
[SourceQuality "1"]
[WhiteTeam "SC Zitadelle Spandau III"]
[BlackTeam "Zugzwang Bocholt"]

1. d4 Nf6 2. c4 e6 3. g3 d5 4. Nf3 dxc4 5. Bg2 a6 6. 0-0 Nc6 7. Nc3 Rb8 8. e4 Be7 9. Qe2 Nxd4 10. Nxd4 Qxd4 11. Rd1 Qb6 12. Qxc4 Ng4 13. Qe2 h5 14. Bf3 Bd7 15. Bxg4 hxg4 16. Qxg4 Bf6 17. Rd3 Bc6 18. Bg5 Be5 19. Bf4 Bxf4 20. Qxf4 0-0 21. Qd2 Qc5 22. a3 Qh5 23. Re1 f5 24. exf5 Rxf5 25. Qe2 Qf7 26. Qxe6 Rxf2 27. Qxf7+ Rxf7 28. Nd5 Bb5 29. Rd4 Re8 30. Rxe8+ 1/2-1/2

[Event "GER-chT11-B2 email"]
[Site "GER email"]
[Date "2015.09.29"]
[Round "?"]
[White "Skowronek, Juergen"]
[Black "Schultheiss, Klaus"]
[Result "1/2-1/2"]
[WhiteElo "1786"]
[BlackElo "2135"]
[PlyCount "60"]
[EventDate "2015.??.??"]
[EventType "tourn (corr)"]
[EventRounds "8"]
[EventCountry "GER"]
[SourceTitle "Corr 2020"]
[Source "ChessBase"]
[SourceDate "2019.09.30"]
[SourceVersion "1"]
[SourceVersionDate "2019.09.30"]
[SourceQuality "1"]

1. e4 e5 2. Nf3 Nc6 3. Bb5 a6 4. Bxc6 dxc6 5. 0-0 f6 6. d4 exd4 7. Nxd4 c5 8. Nb3 Qxd1 9. Rxd1 Bd6 10. Na5 b5 11. a4 Ne7 12. Na3 Bd7 13. Nb7 Nc8 14. Be3 Bc6 15. Nxc5 Nb6 16. a5 Nd7 17. Nxd7 Bxd7 18. f3 Be6 19. Nb1 0-0-0 20. Nc3 Be5 21. Re1 Rhe8 22. g3 f5 23. Bg5 Rd6 24. Bf4 Bxf4 25. gxf4 b4 26. Na4 fxe4 27. Rxe4 Red8 28. Nc5 Bd5 29. Rxb4 Rc6 30. Ne4 Bxe4 1/2-1/2

[Event "GER-ch 2014-E-V5 serv"]
[Site "GER email"]
[Date "2014.12.08"]
[Round "?"]
[White "Voigt, Detlev"]
[Black "Schultheiss, Klaus"]
[Result "0-1"]
[WhiteElo "1837"]
[BlackElo "2081"]
[PlyCount "90"]
[EventDate "2014.12.22"]
[EventType "tourn (corr)"]
[EventRounds "6"]
[EventCountry "GER"]
[SourceTitle "Corr 2020"]
[Source "ChessBase"]
[SourceDate "2019.09.30"]
[SourceVersion "1"]
[SourceVersionDate "2019.09.30"]
[SourceQuality "1"]

1. d4 Nf6 2. c4 c5 3. d5 b5 4. cxb5 a6 5. bxa6 Bxa6 6. Nc3 g6 7. g3 d6 8. Bg2 Bg7 9. Nf3 Nbd7 10. Rb1 0-0 11. 0-0 Qa5 12. Qc2 Rfb8 13. Rd1 Ng4 14. Bd2 Nge5 15. Nxe5 Nxe5 16. b3 c4 17. h3 Bc8 18. Kh2 cxb3 19. axb3 Qb6 20. f4 Nd7 21. b4 Ra3 22. Ne4 Ba6 23. Bc1 Rc8 24. Qxc8+ Bxc8 25. Bxa3 Qe3 26. Bb2 h5 27. Bxg7 Kxg7 28. Bf3 f5 29. Rd3 Qb6 30. Nc3 Qf2+ 31. Bg2 h4 32. Rf1 hxg3+ 33. Kh1 Qb6 34. b5 Bb7 35. Rxg3 Qd4 36. e4 Kf8 37. Rd1 Qc5 38. Kh2 Nf6 39. Rd2 Qc4 40. Re2 fxe4 41. Bxe4 Bxd5 42. Bxg6 Bb7 43. Rf2 Qd4 44. Rf1 Qc5 45. Rd3 d5 0-1

[Event "GER-ch 2012-G-F serv"]
[Site "GER email"]
[Date "2014.07.08"]
[Round "?"]
[White "Schultheiss, Klaus"]
[Black "Klischat, Helmut"]
[Result "1/2-1/2"]
[WhiteElo "2081"]
[BlackElo "2048"]
[PlyCount "99"]
[EventDate "2014.07.10"]
[EventType "tourn (corr)"]
[EventRounds "10"]
[EventCountry "GER"]
[SourceTitle "Corr 2020"]
[Source "ChessBase"]
[SourceDate "2019.09.30"]
[SourceVersion "1"]
[SourceVersionDate "2019.09.30"]
[SourceQuality "1"]

1. e4 e5 2. Nf3 Nc6 3. Bb5 a6 4. Bxc6 dxc6 5. 0-0 Qf6 6. d4 exd4 7. Bg5 Qd6 8. Nxd4 Be7 9. Bxe7 Nxe7 10. Nc3 Bd7 11. Nb3 Qxd1 12. Rfxd1 b6 13. f4 0-0-0 14. Nd4 c5 15. Nf3 Bg4 16. Rxd8+ Rxd8 17. Ne5 Bh5 18. g4 f6 19. gxh5 fxe5 20. fxe5 Nc6 21. e6 Re8 22. Rf1 Nd8 23. Rf5 Nxe6 24. Nd5 Nd8 25. e5 g6 26. hxg6 hxg6 27. Rg5 Nf7 28. Rxg6 Nxe5 29. Rg7 Rd8 30. Ne3 Rd2 31. Rg2 Rd4 32. a3 Kb7 33. h3 Re4 34. Ng4 Nf3+ 35. Kf2 Nh4 36. Rh2 Kc6 37. Kg3 Nf5+ 38. Kf3 Re8 39. Kf4 Rf8 40. Kg5 Nd4 41. Rf2 Ne6+ 42. Kh4 Nf4 43. Nh6 Ng6+ 44. Kg3 Rxf2 45. Kxf2 Kd5 46. Kf3 Ne5+ 47. Kf4 Nc4 48. Kf5 Nxb2 49. h4 Nc4 50. Kf6 1/2-1/2

[Event "GER-ch 2012-G-F serv"]
[Site "GER email"]
[Date "2014.07.08"]
[Round "?"]
[White "Schultheiss, Klaus"]
[Black "Koerber, Bernhard"]
[Result "1/2-1/2"]
[WhiteElo "2081"]
[BlackElo "2133"]
[PlyCount "69"]
[EventDate "2014.07.10"]
[EventType "tourn (corr)"]
[EventRounds "10"]
[EventCountry "GER"]
[SourceTitle "Corr 2020"]
[Source "ChessBase"]
[SourceDate "2019.09.30"]
[SourceVersion "1"]
[SourceVersionDate "2019.09.30"]
[SourceQuality "1"]

1. e4 e6 2. d4 d5 3. Nc3 Bb4 4. e5 c5 5. a3 Bxc3+ 6. bxc3 Ne7 7. Qg4 Kf8 8. Bd2 b6 9. Bd3 cxd4 10. cxd4 Ba6 11. Bxa6 Nxa6 12. Qe2 Qc8 13. Nf3 h6 14. a4 Qc4 15. Qxc4 dxc4 16. c3 Nd5 17. Kd1 Nb8 18. Kc2 Nc6 19. Bc1 Kg8 20. Nd2 Kh7 21. Rb1 Rhd8 22. Re1 Na5 23. Ba3 Rac8 24. Nf1 Rd7 25. Ne3 Nb3 26. Bd6 Nxe3+ 27. Rxe3 Rb7 28. f4 b5 29. Rb2 bxa4 30. Ra2 h5 31. Rxa4 a5 32. Rg3 Kh6 33. Kd1 f5 34. Rg5 Rd7 35. Ke2 1/2-1/2